Tilastot visalle Maakuntavisa - Pohjois-Karjala

Klikkaa tästä pelataksesi tätä visaa!

Yleistilastot

  • Tätä visaa on pelattu 231 kertaa
    (221 viimeisimmän päivityksen jälkeen)
  • Keskiarvotulos 11 / 15

Vastaustilastot

VihjeVastaus% Oikein
Väkirikkain kaupunkiJoensuu
98%
Ruistaikinakuoreen leivottu perinneruokaKarjalan{piirakka}
94%
NaapurimaakunnatEtelä-Karjala
90%
NaapurimaakunnatPohjois-Savo
88%
Kaupungissa toimiva yliopisto{Itä}-{Suomen} yliopisto
86%
NaapurimaakunnatEtelä-Savo
86%
Pohjois-Karjalaan lähdöstä laulava yhtyeLeevi and the Leavings
85%
NaapurimaakunnatKainuu
85%
Suomen itäisin kuntaIlomantsi
77%
K:lla alkava yksi Suomen tunnetuimmista kansallispuistoistaKoli
74%
Suurin maakunnassa sijaitseva järviPielinen
70%
Maakunnan maisema-alue{Vaara}-Suomi
66%
Malmi, jota ennen kaivettiin Outokummun kaivoksillaKupari
63%
Toiseksi väkirikkain kuntaKontiolahti
54%
NimikkolintulajiKäki
24%

Tulosjakauma

Persentiili vastausten määrän mukaan

Jokaisen tuloksen saaneiden osuus

Tuloshistoriasi

Et ole pelannut tätä visaa sen viimeisimmän päivityksen jälkeen